000 01184cam a2200313 i 4500
001 64491
003 Mx-PuUPA
005 20220606100339.0
008 160411s2012 sp gr 000 0 spa d
020 _a9786071709387
040 _aMx-PuUPA
_bspa
_crda
_dMx-PuUPA
_eMx-PuUPA
041 0 _aspa
245 1 0 _aLecturas para el curso de metodología de la investigación /
_ccompilador, Fernando Arias Galicia
250 _a2a edición
264 1 _aMéxico :
_bEditorial Trillas,
_c2012
300 _a621 páginas ;
_c23 cm
336 _atext
_btxt
_2rdacontent
337 _2rdamedia
_asin medio
_bn
338 _2rdacarrier
_avolumen
_bnc
505 _aIntroducción a la teoría del conocimiento. Protocolo de la investigación Procesamiento de datos Comunicación de los resultados de la investigación.
650 7 _2armarc
_aCiencias sociales
650 7 _2armarc
_aCiencias sociales
_xInvestigaciones
650 7 _2armarc
_aCiencias sociales
_xMetodología
650 7 _2armarac
_aInvestigación
_xMetodología
700 1 _aArias Galicia, Fernando,
_ecompilador
942 _2ddc
_cLI
_h300.72
_iL455
999 _c64491
_d64491